Cecil. Tratado de Medicina Interna (Registro nro. 2885)

Detalles MARC
000 -LEADER
fixed length control field 00247nam a22000977a 4500
008 - FIXED-LENGTH DATA ELEMENTS--GENERAL INFORMATION
fixed length control field 190403e1994 mx ||||| |||| 00| 0 spa d
245 ## - TITLE STATEMENT
Title Cecil. Tratado de Medicina Interna
250 ## - EDITION STATEMENT
Field link and sequence number 19a ed.
260 ## - PUBLICATION, DISTRIBUTION, ETC. (IMPRINT)
Place of publication, distribution, etc Mexico
Name of publisher, distributor, etc Interamericana
Date of publication, distribution, etc 1994
500 ## - GENERAL NOTE
Materials specified Baja
Existencias
Withdrawn status Lost status Source of classification or shelving scheme Damaged status Use restrictions Not for loan Location (home branch) Sublocation or collection (holding branch) Date acquired Koha issues (times borrowed) Piece designation (barcode) Koha date last seen Copy number Price effective from Koha item type Public note Coded location qualifier Nonpublic note (lost item payment)
    Dewey Decimal Classification   Restricted Access Not For Loan Biblioteca Medicina Biblioteca Medicina 03/04/2019   180 03/04/2019 Ej. 1 Vol. 2 03/04/2019 Libros Baja 2017 (Caja 12)    

UNIVERSIDAD NACIONAL DEL COMAHUE
Biblioteca de la Facultad de Ciencias Médicas
Sede Toschi: Los Arrayanes y Av. Toschi, Cipolletti  - Rio Negro
Sede Los Tordos:  Yrigoyen al 2211, Cipolletti - Rio Negro 

Teléfono: 0299 - 4774707 int 25
Contacto: biblioteca@facimed.uncoma.edu.ar
© 2011 - 2026